Normal view
MARC view
Entry Personal Name
001 - CONTROL NUMBER
- control field: 33213
003 - CONTROL NUMBER IDENTIFIER
- control field: ARRUPE
005 - DATE AND TIME OF LATEST TRANSACTION
- control field: 20170718125412.0
008 - FIXED-LENGTH DATA ELEMENTS
- fixed length control field: 170718|| aca||aabn | a|a d
040 ## - CATALOGING SOURCE
- Original cataloging agency: ARRUPE
- Transcribing agency: ARRUPE
100 ## - HEADING--PERSONAL NAME
- Personal name: Porter, Roy,
- Dates associated with a name: 1946-2002.
670 ## - SOURCE DATA FOUND
- Source citation: Work cat.: (ARRUPE)57880: Porter, Roy, 1946-2002., The Enlightenment /, 2001.